Capitals of National Subdivisions & Overseas Territories #3 - Statistics

General Stats
  • This quiz has been taken 37 times
  • The average score is 14 of 20
Answer Stats
Subdivision Population St. Let. Answer % Correct
Texas, United States of America 2,250,000 A Austin
100%
Colorado, United States of America 3,875,000 D Denver
100%
Alberta, Canada 1,460,000 E Edmonton
100%
Tyrol, Austria 233,222 I Innsbruck
95%
Guayas Province, Ecuador 3,350,000 G Guayaquil
91%
Transnistria, Moldova 133,807 T Tiraspol
91%
Ural Federal District, Russia 1,800,000 Y Yekaterinburg
86%
Valle del Cauca, Colombia 2,975,000 C Cali
77%
North Rhine-Westphalia, Germany 616,319 D Düsseldorf
77%
Northern Mariana Islands, Territory of the United States of America 43,385 S Saipan
73%
Shandong, China 6,750,000 J Jinan
68%
County of Lancashire, England, United Kingdom 125,901 L Lancaster
68%
Yucatan, Mexico 1,390,000 M Mérida
68%
East Azerbaijan, Iran 1,970,000 T Tabriz
68%
Sokoto, Nigeria 1,140,000 S Sokoto
59%
Anhui, China 8,200,000 H Héféi
45%
South Kivu Province, Democratic Republic of Congo 1,100,000 B Bukavu
36%
Banten Province, Indonesia 1,230,000 S Serang
32%
Yamanashi Prefecture, Japan 189,591 K Kōfu
14%
Bình Thuận, Vietnam 194,197 P Phan Thiet
9%
No matching quizzes found
Score Distribution
Percent of People with Each Score
Percentile by Number Answered
Your Score History
You have not taken this quiz